Music Quiz

Random Music or Billboard Quiz

Billboard's Top 100 Albums of the 2000s Quiz Stats

Quiz Updated May 27, 2015

Challenge
Share
Tweet
Embed
Score 0/100 Timer 15:00
8 Plays Today
Rank Album and Artist % Correct
51.Now 5 - Various Artists
100%
7.The Marshall Mathers LP - Eminem
93%
49.8 Mile - Eminem and Various Artists
92.9%
40.Encore - Eminem
92.9%
3.The Eminem Show - Eminem
92.8%
1.No Strings Attached - NSYNC
86.7%
59.Dangerously in Love - Beyoncé
86.1%
42.Celebrity - NSYNC
86%
60.FutureSex/LoveSounds - Justin Timberlake
84.2%
89.Justified - Justin Timberlake
84.2%
33.Speakerboxxx/The Love Below - Outkast
82.6%
75.Stankonia - Outkast
82.6%
45.Millennium - Backstreet Boys
82.1%
34.Black & Blue - Backstreet Boys
82%
12.Get Rich or Die Tryin' - 50 Cent
81.9%
37.The Massacre - 50 Cent
81.8%
67.Monkey Business - The Black Eyed Peas
81.6%
64.Britney - Britney Spears
81.2%
72.Love. Angel. Music. Baby. - Gwen Stefani
80.3%
29.Breakaway - Kelly Clarkson
79.8%
2.Confessions - Usher
79.6%
63.8701 - Usher
79.3%
10.Country Grammar - Nelly
79.1%
24.Nellyville - Nelly
79.1%
77.Stripped - Christina Aguilera
79%
23.Christina Aguilera - Christina Aguilera
79%
30.American Idiot - Green Day
78.9%
70.Survivor - Destiny's Child
78.4%
39.The Writing's on the Wall - Destiny's Child
78.4%
21.Let Go - Avril Lavigne
76.8%
17.2001 - Dr. Dre
75.5%
47.Silver Side Up - Nickelback
74.6%
13.All the Right Reasons - Nickelback
74.6%
6.Oops!...I Did It Again - Britney Spears
73.3%
Rank Album and Artist % Correct
81....Baby One More Time - Britney Spears
73.3%
78.The Dutchess - Fergie
70.9%
68.All That You Can't Leave Behind - U2
70.7%
56.Fearless - Taylor Swift
69.2%
53.Taylor Swift - Taylor Swift
69.1%
15.Hotshot - Shaggy
68.8%
88.A Rush of Blood to the Head - Coldplay
67.2%
38.M!ssundaztood - P!nk
66.7%
14.Some Hearts - Carrie Underwood
65.2%
8.1 - The Beatles
65.2%
32.Songs in A Minor - Alicia Keys
64.8%
55.The Diary of Alicia Keys - Alicia Keys
64.8%
76.As I Am - Alicia Keys
64.7%
9.Supernatural - Santana
61.7%
5.Human Clay - Creed
61.4%
22.Weathered - Creed
61.3%
11.Hybrid Theory - Linkin Park
59.5%
36.Meteora - Linkin Park
59.3%
27.The Emancipation of Mimi - Mariah Carey
59.2%
69.Songs About Jane - Maroon 5
57.9%
19.Fallen - Evanescence
57.6%
46.The Better Life - 3 Doors Down
53.6%
62.Unleash the Dragon - Sisqó
52%
25.Fly - Dixie Chicks
49.4%
28.Home - Dixie Chicks
49.3%
87.J.Lo - Jennifer Lopez
45.9%
79.Devil Without a Cause - Kid Rock
45.2%
65.Cocky - Kid Rock
45.2%
93.Elvis: 30 #1 Hits - Elvis Presley
45%
94.TP-2.com - R. Kelly
43.8%
90.The Very Best of Sheryl Crow - Sheryl Crow
43.4%
100.Drive - Alan Jackson
43.4%
35.Up! - Shania Twain
43%
92.Greatest Hits - Shania Twain
42.8%
Rank Album and Artist % Correct
4.Come Away with Me - Norah Jones
39.8%
84.Hannah Montana - Miley Cyrus and Various Artists
39.7%
44.High School Musical - Various Artists
39.6%
58.Feels Like Home - Norah Jones
39.5%
61.Unleashed - Toby Keith
39%
66.Shock'n Y'all - Toby Keith
39%
98.Greatest Hits 2 - Toby Keith
39%
43.Closer - Josh Groban
37.1%
73.Noel - Josh Groban
37.1%
83.Josh Groban - Josh Groban
37.1%
18.Chocolate Starfish and the Hot Dog Flavored Water - Limp Bizkit
34.8%
50.Me and My Gang - Rascal Flatts
34.6%
52.Feels Like Today - Rascal Flatts
34.6%
31.Breathe - Faith Hill
33.8%
26.All the Way... A Decade of Song - Celine Dion
33%
20.O Brother, Where Art Thou? - Various Artists
32.2%
85.Mad Season - Matchbox Twenty
31.8%
97.No Angel - Dido
29.5%
41.Break the Cycle - Staind
29.5%
74.Live Like You Were Dying - Tim McGraw
28.7%
95.Greatest Hits - Tim McGraw
28.6%
54....And Then There Was X - DMX
28.4%
91.Come Clean - Puddle of Mudd
28.1%
57.Here for the Party - Gretchen Wilson
25.3%
48.Daughtry - Daughtry
23.2%
96.Everyday - Dave Matthews Band
23.1%
71.When the Sun Goes Down - Kenny Chesney
20.5%
99.No Shoes, No Shirts, No Problems - Kenny Chesney
20.5%
86.Pain Is Love - Ja Rule
17.7%
80.Metamorphosis - Hilary Duff
16.6%
16.A Day Without Rain - Enya
14.9%
82.Greatest Hits - Lenny Kravitz
9.9%

You're not logged in!

Compare scores with friends on all Sporcle quizzes.
Join for Free
OR
Log In

You Might Also Like...

Show Comments

Extras

Top Quizzes Today


Score Distribution

Your Account Isn't Verified!

In order to create a playlist on Sporcle, you need to verify the email address you used during registration. Go to your Sporcle Settings to finish the process.

Report this User

Report this user for behavior that violates our Community Guidelines.

Details: